Filmographie de Stephen King - Statistiques

Statistiques générales
  • Ce quiz a été pris 32 fois
    22 depuis la dernière actualisation
  • Le résultat moyen est 14 sur 59
Statistiques - réponses
Hint Réponse % Correct
Adaptations 1976 Carrie au bal du diable
78%
Adaptations3 2013 Carrie : La Vengeance
78%
Adaptations 1980 Shining
78%
Adaptations3 1999 La Ligne verte
72%
Adaptations 1989 Simetierre
67%
Adaptations2 2019 Simetierre
67%
Adaptations 1990 Misery
61%
Adaptations2 2019 Doctor Sleep
56%
Adaptations 1983 Christine
50%
Adaptations2 2025 The Long Walk
50%
Adaptations 1983 Cujo
44%
Adaptations 1983 Dead Zone
44%
Adaptations3 1994 Les Évadés
39%
Adaptations 1987 Running Man
39%
Adaptations2 2025 Running Man
39%
Adaptations2 2024 Salem
39%
Adaptations 1986 Stand by Me
33%
Adaptations3 2007 The Mist
33%
Adaptations2 2019 Ça : Chapitre 2
28%
Adaptations2 2017 Jessie
28%
Adaptations2 2017 La Tour sombre
28%
Adaptations3 2007 Chambre 1408
22%
Adaptations 1982 Creepshow
22%
Adaptations2 2017 Ça : Chapitre 1
22%
Adaptations3 1995 Dolores Claiborne
22%
Adaptations3 2003 Dreamcatcher
22%
Adaptations3 1996 La Peau sur les os
22%
Adaptations2 2016 Cell Phone
17%
Adaptations2 2019 Dans les hautes herbes
17%
Adaptations2 2022 Firestarter
17%
Adaptations2 2025 The Monkey
17%
Adaptations2 2017 1922
11%
Adaptations 1985 Cat's Eye
11%
Adaptations 1993 La Part des ténèbres
11%
Adaptations3 1993 Le Bazaar de l'épouvante
11%
Adaptations2 2023 Le Croque-mitaine
11%
Adaptations 1984 Les Démons du maïs
11%
Adaptations 1985 Peur bleue
11%
Adaptations2 2025 The Life of Chuck
11%
Adaptations3 1995 The Mangler
11%
Adaptations3 2012 Willa
11%
Adaptations 1984 Charlie
6%
Adaptations3 2014 Couple modèle
6%
Adaptations 1987 Creepshow 2
6%
Adaptations3 2001 Cœurs perdus en Atlantide
6%
Adaptations3 2014 Mercy
6%
Adaptations3 2004 Fenêtre secrète
6%
Adaptations 1992 La Nuit déchirée
6%
Adaptations2 2022 Le Téléphone de M. Harrigan
6%
Adaptations 1986 Maximum Overdrive
6%
Adaptations3 2004 Riding the Bullet
6%
Adaptations 1990 Darkside : Les Contes de la nuit noire
0%
Adaptations3 1997 Les Ailes de la nuit
0%
Adaptations3 2009 Everything's Eventual
0%
Adaptations3 2009 La Cadillac de Dolan
0%
Adaptations 1990 La Créature du cimetière
0%
Adaptations2 2023 Simetierre : Aux origines du mal
0%
Adaptations2 2018 The Doctor's Case
0%
Adaptations3 1998 Un élève doué
0%
Aucun quiz correspondant
Distribution des résultats
% des personnes avec chaque résultat
Percentile par nombre de réponses
Votre historique - résultats
Vous n’avez pas pris ce quiz depuis la dernière actualisation